Casanova (Record no. 114988)

MARC details
000 -LEADER
campo de control de longitud fija 00865nam a2200253 i 4500
001 - NÚMERO DE CONTROL
campo de control 114988
003 - IDENTIFICADOR DE NÚMERO DE CONTROL
campo de control ES-MaACL
005 - FECHA Y HORA DE LA ÚLTIMA TRANSACCIÓN
campo de control 20230906192551.0
007 - CAMPO FIJO DE DESCRIPCIÓN FÍSICA--INFORMACIÓN GENERAL
campo de control de longitud fija t|
008 - DATOS DE LONGITUD FIJA--INFORMACIÓN GENERAL
campo de control de longitud fija 070215s1930 sp ||||1| spa d
080 ## - NÚMERO DE LA CLASIFICACIÓN DECIMAL UNIVERSAL
Número de la Clasificación Decimal Universal 494.511-221"19"
100 1# - ENTRADA PRINCIPAL--NOMBRE DE PERSONA
Nombre de persona Orbok, Loran.
9 (RLIN) 87161
245 10 - MENCIÓN DEL TÍTULO
Título Casanova
Resto del título : comedia en tres y en prosa /
Mención de responsabilidad, etc. Loran Orbok ; traducida al castellano por Francisco de Viu ; dibujos de Servando del Pilar.
260 ## - PUBLICACIÓN, DISTRIBUCIÓN, ETC.
Lugar de publicación, distribución, etc. Madrid :
Nombre del editor, distribuidor, etc. Rivadeneyra,
Fecha de publicación, distribución, etc. 1930.
300 ## - DESCRIPCIÓN FÍSICA
Extensión 62 p. :
Otras características físicas il. ;
Dimensiones 17 cm.
490 1# - MENCIÓN DE SERIE
Mención de serie La Farsa ;
Designación de volumen o secuencia 151
500 ## - NOTA GENERAL
Nota general Estrenada en el Teatro Fontalba, de Madrid, el día 21 de febrero de 1930.
700 1# - ENTRADA AGREGADA--NOMBRE PERSONAL
Nombre de persona Viu, Francisco de.
9 (RLIN) 115533
700 1# - ENTRADA AGREGADA--NOMBRE PERSONAL
Nombre de persona Pilar, Servando del.
9 (RLIN) 92018
830 0# - PUNTO DE ACCESO ADICIONAL DE SERIE-TÍTULO UNIFORME
Título uniforme La Farsa ;
Designación de volumen o secuencia 151
9 (RLIN) 185863
852 ## - LOCALIZACIÓN
Ubicación ES-MaACL
Número de control de estantería C-13218
852 ## - LOCALIZACIÓN
Ubicación ES-MaACL
Número de control de estantería 2225-F-1
Sublocalización o colección R.140771
Holdings
Estatus retirado Estado de pérdida Fuente del sistema de clasificación o colocación Estado de daño Restricciones de uso No para préstamo Biblioteca de origen Biblioteca actual Ubicación en estantería Fecha de adquisición Total de préstamos Signatura topográfica completa Código de barras Visto por última vez Precio de reemplazo Tipo de ítem Koha Colección Fuente de adquisición
    Clasificación decimal universal   Duplicado   Biblioteca del Ateneo de Madrid Biblioteca del Ateneo de Madrid Sala Palomar 17/01/2008   C-13218 1119909 23/02/2023 23/02/2023 Libro impreso    
            Biblioteca del Ateneo de Madrid Biblioteca del Ateneo de Madrid Depósito folletos 17/01/2008   2225-F-1 1130396 23/02/2023 23/02/2023 Folleto Colección de folletos